01570 a2200241 4500003000500000005001700005010001600022020001500038040000900053082001400062100003100076245008600107260005100193300003400244505075000278650003301028650001901061700002801080740005501108942002301163999001901186952012301205NUST20221123132137.0 a 84005384 a0030534062 cNust00a519.5,BRO1 aBrockett, Patrick.910342510aStatistics & probability & their applications /cPatrick Brockett, Arnold Levine. aPhiladelphia :bSaunders College Pub.,cc1984. axvi, 576 p. :bill. ;c24 cm. aThe Nature and Purposes of Statistics (Page-1), Describing Samples and Populations (Page-11), Probability Models (Page--61), Random Variables, Probability Distributions, and Probability Models (Page-107), The Normal Distribution (Page-1570, Estimation; Confidence Intervals (Page-1890, Hypothesis Testing About the Mean and Variance of a Population (Page-2170, Comparing Two Populations (Page-263), Prediction and Association: Regression and Correlation (Page-303), Evaluation of Categorical Data; Contingency Tables (Page-341), Analysis of Variance (Page-369), Non parametric Statistics (Page-399), Sampling Theory (Page-437), Practical Aspects of Statistics; Survey Design (Page-469), Questionnaires (page-495), Statistical Tables (Page-527). 0aMathematical statistics.961 0aProbabilities.1 aLevine, Arnold.91034260 aStatistics and probability and their applications. 2ddccBKk519.5,BRO c179145d179145 00102ddc4070aMCSbMCScGENd2016-12-12o519.5,BROpMCS28432r2016-12-08w2016-12-12yBKzAlmirah No.14, Shelf No.5